[Event "BL 8889 Lasker-Delmenhorst"]
[Site "?"]
[Date "1989.??.??"]
[Round "?.5"]
[White "Wesseln, K."]
[Black "Junge, R."]
[Result "1-0"]
[WhiteElo "2350"]
[BlackElo "2370"]
[PlyCount "81"]
[EventDate "1989.??.??"]

1. c4 Nf6 2. Nc3 d5 3. cxd5 Nxd5 4. g3 g6 5. Bg2 Nxc3 6. bxc3 Bg7 7. Qb3 c6 8.
h4 a5 9. a4 Ra6 10. Rb1 Nd7 11. Ba3 Rb6 12. Qc2 Rxb1+ 13. Qxb1 Qb6 14. Qc2 Ne5
15. Nf3 Nc4 16. Bc1 Bg4 17. O-O O-O 18. d3 Nd6 19. Be3 Qa6 20. Rb1 b5 21. Bc5
Rc8 22. Nd4 Bd7 23. Bxd6 exd6 24. Bxc6 Bxd4 25. Bxd7 Rxc3 26. axb5 Qb6 27. Qd2
Bxf2+ 28. Kg2 Rc7 29. Qf4 Bxg3 30. Qxg3 Rxd7 31. Qf2 Qb7+ 32. Qf3 a4 33. h5
Qxf3+ 34. Kxf3 gxh5 35. Ke4 Rb7 36. Kd5 Rb6 37. Kc4 a3 38. Ra1 Kf8 39. Rxa3 Ke7
40. Ra6 Rb7 41. b6 1-0

[Event "BL 8889 Lasker-Delmenhorst"]
[Site "?"]
[Date "1989.??.??"]
[Round "?.6"]
[White "Simon, R."]
[Black "Schlemermeyer, W."]
[Result "1/2-1/2"]
[WhiteElo "2285"]
[BlackElo "2265"]
[PlyCount "80"]
[EventDate "1989.??.??"]

1. Nf3 Nf6 2. e3 b6 3. c4 Bb7 4. b3 e6 5. Bb2 Be7 6. Nc3 O-O 7. Bd3 d5 8. cxd5
exd5 9. Rc1 Nbd7 10. O-O c5 11. Bf5 g6 12. Bh3 Ne4 13. Ne2 b5 14. Bxd7 Qxd7 15.
d3 Nd6 16. Rxc5 Nc4 17. dxc4 Bxc5 18. Ne5 Qe7 19. cxb5 Rac8 20. a4 d4 21. exd4
Rfd8 22. Nc4 Qh4 23. Qe1 Bf8 24. f3 Qe7 25. Ba3 Qf6 26. Bxf8 Rxf8 27. Qd2 Bd5
28. Qd3 Rfd8 29. Rd1 Re8 30. Nc3 Rcd8 31. Nxd5 Rxd5 32. Ne3 Rd7 33. Ng4 Qb6 34.
a5 Qd6 35. d5 h5 36. Ne3 Qc5 37. Kf2 Rde7 38. Re1 Qb4 39. Re2 Qh4+ 40. Kf1 Qxh2
1/2-1/2

[Event "BL 8889 Lasker-Delmenhorst"]
[Site "?"]
[Date "1989.??.??"]
[Round "?.8"]
[White "Busch, K."]
[Black "Ditt, E."]
[Result "1/2-1/2"]
[WhiteElo "2340"]
[BlackElo "2305"]
[PlyCount "76"]
[EventDate "1989.??.??"]

1. d4 g6 2. Nf3 Bg7 3. g3 f5 4. Bg2 Nf6 5. O-O O-O 6. c4 d6 7. Nc3 c6 8. b3 a5
9. Ba3 Na6 10. Rc1 Bd7 11. d5 cxd5 12. Nxd5 Ne4 13. Nd2 Nec5 14. Qc2 e6 15. Nf4
Nb4 16. Qb1 Bc6 17. Bb2 e5 18. Nd5 Bxd5 19. cxd5 Qe7 20. a3 Nba6 21. Bc3 Nc7
22. Nc4 Nb5 23. Ba1 Nd4 24. Bxd4 exd4 25. Rfe1 b5 26. Nxa5 Rxa5 27. b4 Rxa3 28.
bxc5 dxc5 29. Qxb5 Rc3 30. Qc6 Rf6 31. Qc8+ Bf8 32. Rb1 Qd6 33. Rb7 Rf7 34.
Rxf7 Kxf7 35. Ra1 Kg8 36. Bf3 d3 37. exd3 Rxd3 38. Ra7 Rxf3 1/2-1/2

[Event "BL 8889 Kreuzberg-HSK"]
[Site "?"]
[Date "1989.??.??"]
[Round "?.1"]
[White "Chandler, M."]
[Black "Conquest, S."]
[Result "1/2-1/2"]
[WhiteElo "2605"]
[BlackElo "2490"]
[PlyCount "101"]
[EventDate "1989.??.??"]

1. e4 e5 2. Nf3 Nc6 3. Bb5 a6 4. Ba4 Nf6 5. O-O Be7 6. Re1 b5 7. Bb3 O-O 8. c3
d6 9. h3 Na5 10. Bc2 c5 11. d4 Qc7 12. Nbd2 cxd4 13. cxd4 Nc6 14. d5 Nb4 15.
Bb1 a5 16. a3 Na6 17. b3 Nc5 18. Bb2 g6 19. Bc2 Nh5 20. Kh2 Nf4 21. Nf1 f5 22.
Rc1 fxe4 23. Bxe4 Qa7 24. Rxc5 Qxc5 25. Qd2 Bf5 26. Rc1 Qa7 27. Bxf5 gxf5 28.
Ne3 Ng6 29. Rc6 Qd7 30. a4 f4 31. Ng4 bxa4 32. bxa4 Rac8 33. Nd4 Rxc6 34. dxc6
Qc8 35. Qxa5 h5 36. Nh6+ Kh7 37. Nhf5 Rxf5 38. Nxf5 Qxf5 39. c7 Bh4 40. Qc3 Ne7
41. Qd2 Nc8 42. a5 Qe4 43. a6 Qc6 44. g3 fxg3+ 45. fxg3 Bf6 46. Bc1 Bg7 47. Qg5
Qxc7 48. Qxh5+ Kg8 49. Qe8+ Kh7 50. Qh5+ Kg8 51. Qe8+ 1/2-1/2

[Event "BL 8889 Kreuzberg-HSK"]
[Site "?"]
[Date "1989.??.??"]
[Round "?.2"]
[White "Wells, P."]
[Black "Wahls, M."]
[Result "0-1"]
[WhiteElo "2410"]
[BlackElo "2460"]
[PlyCount "61"]
[EventDate "1989.??.??"]

1. d4 Nf6 2. c4 e6 3. Nf3 c5 4. e3 d5 5. Nc3 Nc6 6. cxd5 exd5 7. Bb5 Bd6 8. O-O
O-O 9. dxc5 Bxc5 10. b3 a6 11. Be2 Re8 12. Bb2 Ba7 13. Rc1 Qd6 14. Rc2 Bg4 15.
Rd2 Rad8 16. Qb1 h6 17. Rfd1 Qe6 18. Nh4 Bxe3 19. fxe3 Qxe3+ 20. Kh1 d4 21. Rd3
Qe6 22. Bxg4 Nxg4 23. Na4 Nf2+ 24. Kg1 Nxd3 25. Qxd3 b5 26. Nc5 Qe7 27. Nf5
Qxc5 28. Rf1 Re6 29. Qf3 Qd5 30. Qh5 Rg6 31. g3 0-1

[Event "BL 8889 Kreuzberg-HSK"]
[Site "?"]
[Date "1989.??.??"]
[Round "?.3"]
[White "Maus, So"]
[Black "Loeffler, S."]
[Result "0-1"]
[WhiteElo "2400"]
[BlackElo "2375"]
[PlyCount "82"]
[EventDate "1989.??.??"]

1. c4 e5 2. g3 g6 3. Bg2 Bg7 4. Nc3 d6 5. d3 f5 6. e3 Nf6 7. Nge2 c6 8. O-O a5
9. b3 Na6 10. Bb2 O-O 11. d4 Qc7 12. a3 Be6 13. Rc1 Rad8 14. Nd5 Qf7 15. Nxf6+
Bxf6 16. Qd2 a4 17. d5 cxd5 18. cxd5 Bd7 19. b4 g5 20. f4 Rfe8 21. e4 exf4 22.
Bxf6 Qxf6 23. gxf4 fxe4 24. fxg5 Qg7 25. Rc3 Bb5 26. Re3 Re5 27. Rf4 Bxe2 28.
Qxe2 Rxg5 29. Rexe4 Nc7 30. Re7 Qa1+ 31. Kf2 Qc1 32. Rf3 Rf8 33. Rxf8+ Kxf8 34.
Rxh7 Qf4+ 35. Bf3 Nxd5 36. Qd3 Nf6 37. Rxb7 Ng4+ 38. Ke2 Re5+ 39. Kf1 Nxh2+ 40.
Kf2 Ng4+ 41. Kf1 Re3 0-1

[Event "BL 8889 Kreuzberg-HSK"]
[Site "?"]
[Date "1989.??.??"]
[Round "?.4"]
[White "Glienke, M."]
[Black "Reefschlaeger, H."]
[Result "0-1"]
[WhiteElo "2295"]
[BlackElo "2360"]
[PlyCount "72"]
[EventDate "1989.??.??"]

1. f4 g6 2. g3 d5 3. Nh3 Bg7 4. Bg2 Nf6 5. Nf2 O-O 6. O-O c5 7. c4 e6 8. d3 Nc6
9. Nc3 d4 10. Nce4 Nxe4 11. dxe4 b6 12. e5 Bb7 13. Ne4 Na5 14. b3 Qd7 15. Bd2
Bxe4 16. Bxe4 Rad8 17. h4 f6 18. exf6 Bxf6 19. Rb1 Nc6 20. a3 Ne7 21. Rf3 Nf5
22. b4 Nd6 23. Qc2 b5 24. bxc5 Nxe4 25. Qxe4 bxc4 26. Rb4 Qd5 27. Qc2 c3 28.
Be1 Qxc5 29. Bf2 Rb8 30. e4 Rxb4 31. axb4 Qxb4 32. e5 Bxe5 33. Qe4 Bg7 34. h5
gxh5 35. Qxe6+ Kh8 36. Be1 Qb5 0-1

[Event "BL 8889 Kreuzberg-HSK"]
[Site "?"]
[Date "1989.??.??"]
[Round "?.5"]
[White "Wegner, H."]
[Black "Lehmann, K."]
[Result "0-1"]
[WhiteElo "2290"]
[BlackElo "2325"]
[PlyCount "112"]
[EventDate "1989.??.??"]

1. d4 Nf6 2. c4 e6 3. Nf3 b6 4. a3 d5 5. cxd5 exd5 6. Nc3 Be7 7. g3 O-O 8. Bg2
Bb7 9. O-O Nbd7 10. Bf4 c5 11. Ne5 Re8 12. dxc5 Nxc5 13. Nf3 Nfe4 14. Be5 Bf6
15. Bxf6 Qxf6 16. Rc1 Rad8 17. Nd4 Ba6 18. Bf3 g6 19. b4 Nxc3 20. Rxc3 Ne6 21.
Rc6 Bc4 22. Nxe6 Rxe6 23. Rxe6 fxe6 24. Qa4 Qf7 25. Qc6 Qd7 26. Qxd7 Rxd7 27.
Bg4 Kf7 28. f4 Ke7 29. Rd1 Rc7 30. Rc1 Kd6 31. e3 e5 32. Kf2 Re7 33. Rd1 Kc6
34. Be2 exf4 35. gxf4 Rf7 36. Bf3 b5 37. h4 a5 38. bxa5 Ra7 39. Rc1 Rxa5 40.
Rc3 Kc5 41. Be2 Ra7 42. h5 Rf7 43. hxg6 hxg6 44. Kg3 d4 45. exd4+ Kxd4 46. Rc2
Ra7 47. Rd2+ Kc5 48. Kg4 Rxa3 49. Bd1 Rd3 50. Rxd3 Bxd3 51. Bb3 Kd4 52. Kg5 b4
53. Bf7 Bc2 54. Kh6 Ke3 55. Kg5 Kd4 56. Kh6 Kc3 0-1

[Event "BL 8889 Bamberg-Sindelfingen"]
[Site "?"]
[Date "1989.??.??"]
[Round "?.1"]
[White "Darga, K."]
[Black "Unzicker, W."]
[Result "1/2-1/2"]
[WhiteElo "2470"]
[BlackElo "2460"]
[PlyCount "38"]
[EventDate "1989.??.??"]

1. Nf3 Nf6 2. c4 e6 3. g3 b6 4. Bg2 Bb7 5. O-O Be7 6. d4 O-O 7. Nc3 Ne4 8. Qc2
Nxc3 9. Qxc3 c5 10. b3 Bf6 11. Bb2 d6 12. Qd2 Qe7 13. Rfd1 Rd8 14. dxc5 Bxb2
15. Qxb2 dxc5 16. Ne5 Bxg2 17. Kxg2 Nc6 18. Nxc6 Qb7 19. f3 Qxc6 1/2-1/2

[Event "BL 8889 Bamberg-Sindelfingen"]
[Site "?"]
[Date "1989.??.??"]
[Round "?.2"]
[White "Pfleger, He"]
[Black "Mohr, S."]
[Result "1/2-1/2"]
[WhiteElo "2490"]
[BlackElo "2470"]
[PlyCount "29"]
[EventDate "1989.??.??"]

1. d4 Nf6 2. c4 g6 3. Nc3 d5 4. Nf3 Bg7 5. Bf4 O-O 6. e3 c5 7. dxc5 Qa5 8. Rc1
dxc4 9. Bxc4 Qxc5 10. Bb3 Nc6 11. O-O Qa5 12. Qe2 Nh5 13. Bg5 Bg4 14. Nd5 e6
15. Ne7+ 1/2-1/2

[Event "BL 8889 Bamberg-Sindelfingen"]
[Site "?"]
[Date "1989.??.??"]
[Round "?.3"]
[White "Fahnenschmidt, G."]
[Black "Goehring, K."]
[Result "1/2-1/2"]
[WhiteElo "2380"]
[BlackElo "2335"]
[PlyCount "27"]
[EventDate "1989.??.??"]

1. d4 d5 2. c4 e6 3. Nc3 Nf6 4. cxd5 exd5 5. Bg5 Be7 6. e3 c6 7. Qc2 O-O 8. Bd3
Nbd7 9. Nge2 Re8 10. O-O-O Nf8 11. h3 Nh5 12. Bxe7 Qxe7 13. g4 Nf6 14. Ng3
1/2-1/2

[Event "BL 8889 Bamberg-Sindelfingen"]
[Site "?"]
[Date "1989.??.??"]
[Round "?.4"]
[White "Kurz, A."]
[Black "Franke, H."]
[Result "1/2-1/2"]
[WhiteElo "2280"]
[BlackElo "2360"]
[PlyCount "26"]
[EventDate "1989.??.??"]

1. d4 d5 2. c4 c6 3. Nc3 Nf6 4. cxd5 cxd5 5. Bf4 Nc6 6. e3 e6 7. Bd3 Be7 8. Nf3
O-O 9. h3 Bd7 10. O-O a6 11. Ne5 Be8 12. Rc1 Rc8 13. a3 Nxe5 1/2-1/2

[Event "BL 8889 Bamberg-Sindelfingen"]
[Site "?"]
[Date "1989.??.??"]
[Round "?.5"]
[White "Bialas, W."]
[Black "Meister, P."]
[Result "1/2-1/2"]
[WhiteElo "2365"]
[BlackElo "2325"]
[PlyCount "24"]
[EventDate "1989.??.??"]

1. d4 e6 2. e4 d5 3. Nc3 Nc6 4. Nf3 Nf6 5. exd5 exd5 6. Bb5 Bb4 7. O-O O-O 8.
Bxc6 bxc6 9. Ne5 Bxc3 10. bxc3 Ne4 11. Ba3 Re8 12. Qf3 f6 1/2-1/2

[Event "BL 8889 Bamberg-Sindelfingen"]
[Site "?"]
[Date "1989.??.??"]
[Round "?.6"]
[White "Ruehrig, V."]
[Black "Sieglen, J."]
[Result "1/2-1/2"]
[WhiteElo "2330"]
[BlackElo "2330"]
[PlyCount "26"]
[EventDate "1989.??.??"]

1. e4 e6 2. d4 d5 3. exd5 exd5 4. Bd3 Bd6 5. Ne2 Qh4 6. c3 Nf6 7. Nd2 Bg4 8.
Nf3 Bxf3 9. gxf3 O-O 10. Be3 Nbd7 11. Kd2 Nh5 12. Bf5 Nb6 13. Qg1 Nf4 1/2-1/2

[Event "BL 8889 Bamberg-Sindelfingen"]
[Site "?"]
[Date "1989.??.??"]
[Round "?.7"]
[White "Braun, M."]
[Black "Hartmann, G."]
[Result "1/2-1/2"]
[WhiteElo "2325"]
[BlackElo "2275"]
[PlyCount "34"]
[EventDate "1989.??.??"]

1. e4 c5 2. Nf3 d6 3. Nc3 Nf6 4. d4 cxd4 5. Nxd4 a6 6. g3 e5 7. Nde2 b5 8. Bg2
Bb7 9. O-O Nbd7 10. a4 b4 11. Nd5 Nxd5 12. exd5 Be7 13. a5 Rc8 14. Ra4 Nc5 15.
Rxb4 Qxa5 16. Rg4 h5 17. b4 Qd8 1/2-1/2

[Event "BL 8889 Bamberg-Sindelfingen"]
[Site "?"]
[Date "1989.??.??"]
[Round "?.8"]
[White "Kestler, H."]
[Black "Werner, Marc"]
[Result "1/2-1/2"]
[WhiteElo "2370"]
[BlackElo "2315"]
[PlyCount "42"]
[EventDate "1989.??.??"]

1. Nf3 Nf6 2. c4 c5 3. Nc3 e6 4. g3 b6 5. Bg2 Bb7 6. O-O a6 7. d3 Be7 8. e4 d6
9. b3 O-O 10. Bb2 Nbd7 11. Re1 Qc7 12. d4 cxd4 13. Nxd4 Rfe8 14. Rc1 Bf8 15.
Qd2 Rad8 16. h3 Ne5 17. Kh2 Qb8 18. Qc2 Rc8 19. Qe2 Ng6 20. Qd2 Ne5 21. Qe2 Ng6
1/2-1/2

[Event "BL 8889 Nürnberg-Kirchheim"]
[Site "?"]
[Date "1989.??.??"]
[Round "?.1"]
[White "Adorjan, A."]
[Black "Jansa, V."]
[Result "1-0"]
[WhiteElo "2520"]
[BlackElo "2470"]
[PlyCount "129"]
[EventDate "1989.??.??"]

1. d4 Nf6 2. Nf3 g6 3. c4 Bg7 4. g3 O-O 5. Bg2 c6 6. O-O d6 7. b3 e5 8. dxe5
dxe5 9. Ba3 Qxd1 10. Rxd1 Re8 11. Nc3 e4 12. Nd4 Nbd7 13. h3 h5 14. Bc1 Bf8 15.
Rb1 a5 16. Bg5 Nh7 17. Be3 Nc5 18. Rd2 f5 19. Nc2 Nf6 20. Bd4 Nfd7 21. Rbd1 Ne6
22. Be3 Ndc5 23. h4 Bg7 24. Nd4 Nxd4 25. Bxd4 Bxd4 26. Rxd4 Be6 27. Bf1 Kf7 28.
e3 Ke7 29. Be2 Rad8 30. f3 exf3 31. Bxf3 Bf7 32. Kf2 Ne6 33. Rxd8 Rxd8 34. Rxd8
Kxd8 35. e4 fxe4 36. Nxe4 Ke7 37. Ke3 b6 38. Bg2 Be8 39. Nc3 Nc5 40. Ne2 Kd6
41. Bh3 b5 42. cxb5 cxb5 43. Kd4 Ne6+ 44. Ke3 b4 45. Bg2 Nc5 46. Nd4 Bd7 47.
Bf1 Ne6 48. Nxe6 Kxe6 49. Kd4 Kd6 50. Kc4 Ke5 51. Bg2 Bf5 52. Kb5 Bb1 53. Kxa5
Bxa2 54. Kxb4 g5 55. hxg5 Kf5 56. Kc3 Bxb3 57. Kxb3 Kxg5 58. Bh3 h4 59. g4 Kf4
60. Kc3 Kg3 61. g5 Kxh3 62. g6 Kh2 63. g7 h3 64. g8=Q Kh1 65. Qc4 1-0

[Event "BL 8889 Nürnberg-Kirchheim"]
[Site "?"]
[Date "1989.??.??"]
[Round "?.2"]
[White "Pribyl, J."]
[Black "Gschnitzer, O."]
[Result "1-0"]
[WhiteElo "2435"]
[BlackElo "2365"]
[PlyCount "53"]
[EventDate "1989.??.??"]

1. Nf3 c5 2. e4 Nc6 3. Nc3 d6 4. Bb5 Bd7 5. O-O e6 6. d4 cxd4 7. Nxd4 Nf6 8.
Re1 Be7 9. Bf1 O-O 10. Ndb5 Ne8 11. a4 a6 12. Na3 Na5 13. Be3 Rc8 14. Qd2 Nf6
15. f3 Qc7 16. Qf2 Qb8 17. Ba7 Qa8 18. Bb6 Bd8 19. Rad1 Rc6 20. Bxd8 Rxd8 21.
Qd4 Qc8 22. Re3 e5 23. Qd2 Rb6 24. Nd5 Nxd5 25. Qxd5 Nc6 26. Nc4 Nb4 27. Qa5
1-0

[Event "BL 8889 Nürnberg-Kirchheim"]
[Site "?"]
[Date "1989.??.??"]
[Round "?.3"]
[White "Mueller, O."]
[Black "Lumper, T."]
[Result "1-0"]
[WhiteElo "2355"]
[BlackElo "2355"]
[PlyCount "63"]
[EventDate "1989.??.??"]

1. e4 c5 2. Nf3 Nc6 3. d4 cxd4 4. Nxd4 Nf6 5. Nc3 e5 6. Ndb5 d6 7. Nd5 Nxd5 8.
exd5 Nb8 9. Be3 a6 10. Na3 Bf5 11. Qd2 Nd7 12. Nc4 Rc8 13. a4 Be7 14. Be2 O-O
15. a5 Bg6 16. O-O f5 17. f3 f4 18. Ba7 Bg5 19. Bd3 Rf6 20. Nb6 Nxb6 21. Bxb6
Qd7 22. c4 Bxd3 23. Qxd3 Rh6 24. Rac1 Bd8 25. b4 Bxb6+ 26. axb6 Qd8 27. c5 a5
28. bxa5 dxc5 29. Qf5 Ra8 30. Rxc5 Rf6 31. Qc2 Rd6 32. Re1 1-0

[Event "BL 8889 Nürnberg-Kirchheim"]
[Site "?"]
[Date "1989.??.??"]
[Round "?.6"]
[White "Huemmer, B."]
[Black "Mudelsee, M."]
[Result "1/2-1/2"]
[WhiteElo "2295"]
[BlackElo "2385"]
[PlyCount "37"]
[EventDate "1989.??.??"]

1. d4 d5 2. Bg5 c5 3. c3 Qb6 4. Qb3 c4 5. Qxb6 axb6 6. Nd2 Nc6 7. e4 e6 8. a3
Nf6 9. f3 Be7 10. e5 Ng8 11. Be3 Bd7 12. f4 Nh6 13. Ngf3 O-O 14. g3 f6 15. exf6
gxf6 16. Bh3 Bd6 17. O-O Rae8 18. Rae1 Bc7 19. Rf2 1/2-1/2

[Event "BL 8889 Sindelfingen-Nürnberg"]
[Site "?"]
[Date "1989.??.??"]
[Round "?.1"]
[White "Jansa, V."]
[Black "Darga, K."]
[Result "1-0"]
[WhiteElo "2470"]
[BlackElo "2470"]
[PlyCount "69"]
[EventDate "1989.??.??"]

1. e4 e5 2. Nf3 Nc6 3. Bb5 g6 4. c3 a6 5. Ba4 d6 6. d4 Bd7 7. O-O Bg7 8. Re1 b5
9. Bb3 Nf6 10. dxe5 Nxe5 11. Nxe5 dxe5 12. Bg5 O-O 13. Nd2 h6 14. Bh4 Qe7 15.
Qe2 c5 16. Bd5 Rab8 17. Bxf6 Bxf6 18. b3 Be6 19. a4 Rfd8 20. axb5 Bxd5 21. exd5
axb5 22. Ne4 Bg7 23. Red1 Qc7 24. Ra6 Rb6 25. Rxb6 Qxb6 26. Qe3 Bf8 27. b4 Qa6
28. bxc5 f5 29. Nd6 e4 30. Qg3 Kh7 31. Qh4 Rd7 32. Qf6 Bxd6 33. Qe6 Qc8 34.
cxd6 Qd8 35. Ra1 1-0

[Event "BL 8889 Sindelfingen-Nürnberg"]
[Site "?"]
[Date "1989.??.??"]
[Round "?.2"]
[White "Mohr, S."]
[Black "Pribyl, J."]
[Result "1/2-1/2"]
[WhiteElo "2470"]
[BlackElo "2435"]
[PlyCount "38"]
[EventDate "1989.??.??"]

1. d4 Nf6 2. c4 g6 3. Nc3 d5 4. Nf3 Bg7 5. e3 O-O 6. Bd2 c6 7. Be2 dxc4 8. Bxc4
Bg4 9. Qb3 Bxf3 10. gxf3 Qb6 11. O-O Qxb3 12. Bxb3 Nbd7 13. f4 Rfd8 14. Rfd1
Rac8 15. e4 e6 16. e5 Nh5 17. Ne4 Nb6 18. Be3 Nd5 19. Bxd5 cxd5 1/2-1/2

[Event "BL 8889 Sindelfingen-Nürnberg"]
[Site "?"]
[Date "1989.??.??"]
[Round "?.3"]
[White "Lumper, T."]
[Black "Fahnenschmidt, G."]
[Result "1/2-1/2"]
[WhiteElo "2355"]
[BlackElo "2380"]
[PlyCount "64"]
[EventDate "1989.??.??"]

1. c4 e5 2. Nc3 Nc6 3. Nf3 Nf6 4. e3 Bb4 5. Qc2 O-O 6. Nd5 Re8 7. b3 Bf8 8. Bb2
d6 9. Be2 Nxd5 10. cxd5 Nb4 11. Qc4 c5 12. dxc6 Nxc6 13. O-O d5 14. Qc2 Bg4 15.
d3 Rc8 16. Qd2 Bb4 17. Qd1 Bd6 18. Nd2 Be6 19. a3 a5 20. Rc1 Qe7 21. Ra1 Red8
22. Qb1 Bb8 23. Rc1 Bf5 24. Rc2 Rd6 25. Qd1 Rcd8 26. Rac1 Rh6 27. Nf1 e4 28. g3
Ne5 29. dxe4 dxe4 30. Rd2 Nd3 31. Bxd3 exd3 32. Rc4 Re6 1/2-1/2

[Event "BL 8889 Sindelfingen-Nürnberg"]
[Site "?"]
[Date "1989.??.??"]
[Round "?.4"]
[White "Franke, H."]
[Black "Seibold, H."]
[Result "1/2-1/2"]
[WhiteElo "2360"]
[BlackElo "2220"]
[PlyCount "63"]
[EventDate "1989.??.??"]

1. Nf3 Nf6 2. d4 g6 3. Bf4 Bg7 4. e3 d6 5. Be2 O-O 6. h3 b6 7. O-O Bb7 8. c4 c5
9. Nc3 Ne4 10. Nxe4 Bxe4 11. Qd2 Bb7 12. Rad1 Nd7 13. d5 Nf6 14. Qc2 b5 15. e4
bxc4 16. Bxc4 Nd7 17. Rfe1 Qc7 18. h4 a5 19. h5 Ba6 20. Bxa6 Rxa6 21. hxg6 hxg6
22. Nd4 Qb7 23. Nc6 Re8 24. b3 Nb8 25. e5 Nxc6 26. dxc6 Qxc6 27. exd6 exd6 28.
Rxe8+ Qxe8 29. Rxd6 Qe1+ 30. Kh2 Rxd6 31. Bxd6 Be5+ 32. Bxe5 1/2-1/2

[Event "BL 8889 Sindelfingen-Nürnberg"]
[Site "?"]
[Date "1989.??.??"]
[Round "?.6"]
[White "Sieglen, J."]
[Black "Huemmer, B."]
[Result "1/2-1/2"]
[WhiteElo "2330"]
[BlackElo "2295"]
[PlyCount "31"]
[EventDate "1989.??.??"]

1. d4 d6 2. c4 e5 3. Nc3 exd4 4. Qxd4 Nf6 5. Bg5 Be7 6. Nf3 O-O 7. e3 Nbd7 8.
Be2 Nc5 9. Bh4 a5 10. O-O Bf5 11. Rac1 Nfe4 12. Nxe4 Bxe4 13. Bxe7 Qxe7 14. Nd2
Bc6 15. Bf3 Bxf3 16. gxf3 1/2-1/2

[Event "BL 8889 Kirchheim-Bamberg"]
[Site "?"]
[Date "1989.??.??"]
[Round "?.2"]
[White "Gschnitzer, O."]
[Black "Goehring, K."]
[Result "1-0"]
[WhiteElo "2365"]
[BlackElo "2335"]
[PlyCount "71"]
[EventDate "1989.??.??"]

1. d4 Nf6 2. Nf3 e6 3. c4 d5 4. Nc3 Be7 5. Bg5 O-O 6. e3 h6 7. Bxf6 Bxf6 8. Qb3
c6 9. Bd3 Nd7 10. Rd1 a6 11. e4 dxc4 12. Bxc4 b5 13. Be2 c5 14. e5 Be7 15. d5
c4 16. Qc2 exd5 17. Nxd5 Bb7 18. O-O Bxd5 19. Rxd5 Qc7 20. Qf5 Nc5 21. Nd4 Rad8
22. Bf3 g6 23. Qg4 Kh7 24. Nc6 Rxd5 25. Bxd5 Nd3 26. Qe2 Qd7 27. Qe4 Bg5 28. g3
Nxb2 29. f4 Be7 30. f5 Bc5+ 31. Kg2 Nd3 32. fxg6+ fxg6 33. Bf7 Ne1+ 34. Qxe1
Qxc6+ 35. Kh3 Rxf7 36. Rxf7+ 1-0

[Event "BL 8889 Kirchheim-Bamberg"]
[Site "?"]
[Date "1989.??.??"]
[Round "?.5"]
[White "Ruehrig, V."]
[Black "Vonthron, H."]
[Result "1-0"]
[WhiteElo "2330"]
[BlackElo "2330"]
[PlyCount "71"]
[EventDate "1989.??.??"]

1. e4 c5 2. Nf3 d6 3. d4 cxd4 4. Nxd4 Nf6 5. Nc3 a6 6. g3 e5 7. Nb3 Be7 8. Bg2
O-O 9. a4 b6 10. O-O Bb7 11. Re1 Nbd7 12. Nd2 Qb8 13. Nc4 Rc8 14. Qe2 b5 15.
Na5 b4 16. Nd5 Nxd5 17. exd5 Qc7 18. Nc6 Bxc6 19. dxc6 Nb8 20. Bd5 Nxc6 21. Qc4
Bf6 22. Be3 a5 23. c3 Rab8 24. Rac1 Qd7 25. cxb4 Nd8 26. Qa6 Rxc1 27. Rxc1 Qxa4
28. Qxd6 Rb5 29. Bc5 h6 30. Be4 Rxc5 31. Qxc5 axb4 32. Qd5 Qa6 33. Rc7 Qa1+ 34.
Kg2 Qxb2 35. Rxf7 Nxf7 36. Bg6 1-0

[Event "BL 8889 Kirchheim-Bamberg"]
[Site "?"]
[Date "1989.??.??"]
[Round "?.6"]
[White "Mudelsee, M."]
[Black "Hartmann, G."]
[Result "0-1"]
[WhiteElo "2385"]
[BlackElo "2275"]
[PlyCount "54"]
[EventDate "1989.??.??"]

1. e4 d5 2. exd5 Nf6 3. d4 Nxd5 4. Bc4 g6 5. Nf3 Bg7 6. O-O O-O 7. c3 Nc6 8.
Re1 Nb6 9. Bb3 Bg4 10. Bf4 e5 11. dxe5 Qxd1 12. Bxd1 Nc4 13. Be2 Nxb2 14. Na3
Bxf3 15. gxf3 Rfd8 16. Rab1 Nd3 17. Bxd3 Rxd3 18. Re3 Rxe3 19. fxe3 b6 20. Nb5
Bxe5 21. Bxe5 Nxe5 22. Nxc7 Rd8 23. f4 Nc4 24. Nb5 Rd2 25. Nxa7 Nxe3 26. Rxb6
Rg2+ 27. Kh1 Rxa2 0-1

[Event "BL 8889 Kirchheim-Bamberg"]
[Site "?"]
[Date "1989.??.??"]
[Round "?.7"]
[White "Kestler, H."]
[Black "Messmer, M."]
[Result "0-1"]
[WhiteElo "2370"]
[BlackElo "2260"]
[PlyCount "138"]
[EventDate "1989.??.??"]

1. c4 e5 2. Nc3 Bb4 3. g3 Bxc3 4. bxc3 d6 5. Bg2 Nc6 6. Rb1 Nge7 7. d3 O-O 8.
Nf3 b6 9. O-O f6 10. e4 Be6 11. h3 Qd7 12. Kh2 Rae8 13. Qe2 Na5 14. Ba3 Qa4 15.
Bb4 Nb7 16. Qb2 Nc5 17. Rbd1 Rb8 18. Rd2 a5 19. Bxc5 bxc5 20. Qa1 Rb6 21. Rb2
Rfb8 22. Rfb1 Qc2 23. Rxb6 Rxb6 24. Rxb6 cxb6 25. Ne1 Qxf2 26. Qb1 Qd2 27. Nf3
Qxc3 28. Qxb6 Qxd3 29. Qxa5 Bxc4 30. a4 Kf7 31. Qc7 Be6 32. a5 Qa6 33. Nh4 g6
34. Qd8 Qc8 35. Qb6 Qc6 36. Qd8 Qc8 37. Qb6 c4 38. a6 c3 39. a7 c2 40. Qe3 c1=Q
41. Qxc1 Qxc1 42. a8=Q Qc8 43. Qa3 Qd7 44. Qc1 Kg7 45. g4 h6 46. Qa3 Bf7 47.
Nf3 d5 48. Nd2 d4 49. Bf1 Qc7 50. Bc4 Bxc4 51. Nxc4 Qxc4 52. Qxe7+ Qf7 53. Qd6
Qb7 54. h4 Qb2+ 55. Kh3 Qc3+ 56. Kh2 Qd2+ 57. Kh3 Qe3+ 58. Kh2 Qf2+ 59. Kh3
Qf3+ 60. Kh2 Qe2+ 61. Kh3 Qd3+ 62. Kh2 Qc2+ 63. Kh3 Qb3+ 64. Kh2 Qf7 65. Kh3
Kh7 66. Kg3 h5 67. gxh5 gxh5 68. Qb4 Qd7 69. Kh2 d3 0-1

[Event "BL 8889 Koblenz-Bochum"]
[Site "?"]
[Date "1989.??.??"]
[Round "?.4"]
[White "Wolf, V."]
[Black "Vatter, H."]
[Result "0-1"]
[WhiteElo "2330"]
[BlackElo "2335"]
[PlyCount "96"]
[EventDate "1989.??.??"]

1. e4 c5 2. Nf3 e6 3. d4 cxd4 4. Nxd4 a6 5. g3 Nf6 6. Bg2 Be7 7. O-O Qc7 8. Re1
d6 9. b3 O-O 10. c4 Nc6 11. Bb2 Rd8 12. Nc3 Bd7 13. Rc1 Qb8 14. Nxc6 bxc6 15.
Qe2 e5 16. c5 dxc5 17. Na4 Bg4 18. f3 Bc8 19. Nxc5 Nd7 20. Nxd7 Bxd7 21. Red1
a5 22. Rd3 a4 23. Rcd1 axb3 24. axb3 Be6 25. Qc2 Rxd3 26. Rxd3 Qb6+ 27. Kh1 f6
28. Rc3 Ra2 29. Rxc6 Rxb2 30. Rxb6 Rxc2 31. Rxe6 Rc1+ 32. Bf1 Kf7 33. Rxe7+
Kxe7 34. Kg2 Rc2+ 35. Kh3 Rf2 36. Bg2 Rb2 37. g4 Rxb3 38. Kg3 Kd6 39. h4 g5 40.
hxg5 fxg5 41. Bf1 Rb2 42. Bh3 Kc5 43. Bf1 Kd4 44. Bh3 Ke3 45. Bf1 Rf2 46. Bg2
Rxg2+ 47. Kxg2 Ke2 48. Kg3 Kf1 0-1

[Event "BL 8889 Koblenz-Bochum"]
[Site "?"]
[Date "1989.??.??"]
[Round "?.5"]
[White "Ueter, H."]
[Black "Weidemann, J."]
[Result "1-0"]
[WhiteElo "2275"]
[BlackElo "2325"]
[PlyCount "61"]
[EventDate "1989.??.??"]

1. e4 c6 2. d4 d5 3. Nc3 dxe4 4. Nxe4 Nf6 5. Nxf6+ gxf6 6. Qd3 Bg4 7. Be2 Rg8
8. Bf4 Qd5 9. Qg3 e5 10. dxe5 fxe5 11. Bxg4 Rg6 12. Bxe5 Qe4+ 13. Qe3 Qxg4 14.
Nf3 Bh6 15. Qb3 Nd7 16. Bg3 Re6+ 17. Kf1 O-O-O 18. h3 Qh5 19. Rd1 Nc5 20. Rxd8+
Kxd8 21. Qb4 Ne4 22. Kg1 Nxg3 23. fxg3 Kc7 24. Kh2 Qd5 25. Rf1 Re2 26. c4 Qf5
27. Rd1 Qxf3 28. Qa5+ b6 29. Qxa7+ Kc8 30. Qd7+ Kb8 31. Qd8+ 1-0

[Event "BL 8889 Koblenz-Bochum"]
[Site "?"]
[Date "1989.??.??"]
[Round "?.6"]
[White "Schlick, V."]
[Black "Boesken, C."]
[Result "0-1"]
[WhiteElo "2290"]
[BlackElo "2270"]
[PlyCount "100"]
[EventDate "1989.??.??"]

1. Nf3 Nf6 2. c4 b6 3. g3 Bb7 4. Bg2 e6 5. O-O Be7 6. Nc3 O-O 7. b3 d5 8. Ne5
Nbd7 9. d4 c5 10. Nxd7 Qxd7 11. dxc5 bxc5 12. cxd5 exd5 13. Bg5 d4 14. Bxf6
Bxf6 15. Bxb7 Qxb7 16. Na4 c4 17. bxc4 Qa6 18. Rc1 Rac8 19. Qb3 Rb8 20. Qc2 Be7
21. Rb1 g6 22. c5 Rbc8 23. Rb4 Bf6 24. Rfb1 Rfe8 25. Qd3 Qe6 26. R1b2 h5 27. h4
Qc6 28. R2b3 Re4 29. Rb8 Rxb8 30. Rxb8+ Kg7 31. Qf3 Qe6 32. c6 Rxe2 33. Nc5
Re1+ 34. Kg2 Qd6 35. Nd7 Rc1 36. Rc8 Be7 37. Re8 d3 38. Rxe7 Qxe7 39. Qxd3 Rxc6
40. Qd4+ Kh7 41. Ne5 Re6 42. Nf3 Qb7 43. g4 hxg4 44. Qxg4 Rf6 45. Kg3 Qc7+ 46.
Kg2 Qc6 47. h5 Qd5 48. h6 Kxh6 49. Kg3 Qd6+ 50. Kg2 Qf4 0-1